Kalkulace nákladů - základ podnikového controllingu

Na minha lista:
Detalhes bibliográficos
Autor principal: Macík, Karel
Formato: Livro
Idioma:tcheco
Publicado em: Ostrava MONTANEX 1999
Colecção:Ekonomika-obchod-finance
Assuntos:
Tags: Adicionar Tag
Sem tags, seja o primeiro a adicionar uma tag!

MARC

LEADER 00000nam a2200000 4500
001 c111020
005 20221102135204.2
020 |a 80-7225-002-7 
041 0 |a cze 
044 |a CZ 
245 1 0 |a Kalkulace nákladů - základ podnikového controllingu  |c Karel Macík 
264 1 |a Ostrava  |b MONTANEX  |c 1999 
300 |a 241 s. 
490 1 |a Ekonomika-obchod-finance 
830 0 |a Ekonomika-obchod-finance 
610 2 0 |a náklady 
610 2 0 |a kalkulácia nákladov 
610 2 0 |a podnik 
610 2 0 |a kontroling 
610 2 0 |a systémy informačné 
610 2 0 |a metódy kalkulačné 
610 2 0 |a bilancie 
610 2 0 |a analýza nákladov 
610 2 0 |a náklady variabilné 
610 2 0 |a výrobky 
610 2 0 |a sortiment výroby 
610 2 0 |a rozpočtovanie 
610 2 0 |a rozpočty 
610 2 0 |a riadenie 
100 1 |a Macík, Karel